Pennsylvania hiking trails /

Bibliographic Details
Corporate Author: Keystone Trails Association
Other Authors: Cramer, Ben
Format: Book
Language:English
Published: Mechanicsburg, Pa. : Stackpole Books, [2008]
Edition:13th ed.
Subjects:

MARC

Tag First Indicator Second Indicator Subfields
LEADER 00000pam a22000004a 4500
001 in00002386021
005 20151109055603.0
008 070814s2008 pauab b 001 0 eng
010 |a  2007033227 
020 |a 9780811734776 (pbk.) 
020 |a 0811734773 (pbk.) 
035 |a (OCoLC)ocn165082756 
040 |a DLC  |c DLC  |d UtOrBLW 
043 |a n-us-pa 
049 |a TXAM 
050 0 0 |a GV199.42.P4  |b P46 2008 
082 0 0 |a 796.5109748  |2 22 
245 0 0 |a Pennsylvania hiking trails /  |c Keystone Trails Association ; Ben Cramer, editor. 
250 |a 13th ed. 
264 1 |a Mechanicsburg, Pa. :  |b Stackpole Books,  |c [2008] 
264 4 |c ©2008 
300 |a xix, 236 pages :  |b color illustrations, maps ;  |c 23 cm. 
336 |a text  |b txt  |2 rdacontent 
337 |a unmediated  |b n  |2 rdamedia 
338 |a volume  |b nc  |2 rdacarrier 
504 |a Includes bibliographical references (pages 229-230) and index. 
505 0 |a Piedmont & Great Valley -- Blue Mountain -- Seven mountains -- Laurel highlands -- Three rivers -- Northwest & Allegheny National Forest -- Pennsylvania wilds -- Endless mountains -- Pocono highlands. 
650 0 |a Hiking  |z Pennsylvania. 
650 0 |a Trails  |z Pennsylvania. 
700 1 |a Cramer, Ben. 
710 2 |a Keystone Trails Association. 
945 |a PromptCat 
946 |a stk 
947 |a A14836786479 
948 |a cataloged  |b h  |c 2008/5/29  |d c  |e dmitchel  |f 2:00:00 pm 
994 |a 92  |b TXA 
999 |a MARS 
999 f f |s 95ef47b4-f5eb-3b38-ab4d-fa4569f1c829  |i e3a94806-3507-37e0-9220-b843f7a4edd2  |t 0 
952 f f |p ric  |a Texas A&M University  |b Rellis Campus  |c Joint Library Facility  |d Remote Storage  |t 0  |e GV199.42.P4 P46 2008  |h Library of Congress classification  |i unmediated -- volume  |m A14836786479 
998 f f |a GV199.42.P4 P46 2008  |t 0  |l Remote Storage